00249 a2200121 4500001000700000020002200007040001100029100001600040240003000056245002500086300000700111362000900118192486 a978-85-260-2114-3 cMagnum aRey, Marcos10aNão era uma vez...lpor10aNão era uma vez... a410 a2015